000 00647nam a22002297a 4500
003 DO-SdBNP
005 20240708132439.0
008 160622b2004 sp 00| 0 spa d
020 _a8420401757
040 _aBPMSU
_bspa
_cBPMSU
082 4 _aCo863.44
_bR436d 2004
_222
100 1 _aRestrepo, Laura
_d1950-
245 1 0 _aDelirio /
_cLaura Restrepo
260 _aMadrid :
_bAlfaguara,
_c2004
300 _a342 p. ;
_c25 cm
586 _aPremio Alfaguara de Novela 2004
590 _aInventariado, 2024/VM
650 4 _aNovela colombiana
650 4 _aLiteratura colombiana
910 _aVMateo V. Control de calidad. BPMSU
942 _2ddc
_cBK
999 _c10484
_d10484